| 000 -LEADER |
| fixed length control field |
01859cas a2200505 a 4500 |
| 001 - CONTROL NUMBER |
| control field |
11287556 |
| 005 - DATE AND TIME OF LATEST TRANSACTION |
| control field |
20180216032104.0 |
| 008 - FIXED-LENGTH DATA ELEMENTS--GENERAL INFORMATION |
| fixed length control field |
801016c19819999pauqr p 0 a0eng c |
| 010 ## - LIBRARY OF CONGRESS CONTROL NUMBER |
| LC control number |
84645835 |
| Canceled/invalid LC control number |
sf 82001008 |
| -- |
sn 80013689 |
| 015 ## - NATIONAL BIBLIOGRAPHY NUMBER |
| National bibliography number |
013481509 |
| Source |
dnb |
| 016 7# - NATIONAL BIBLIOGRAPHIC AGENCY CONTROL NUMBER |
| Record control number |
013481509 |
| Source |
DE-101 |
| 016 7# - NATIONAL BIBLIOGRAPHIC AGENCY CONTROL NUMBER |
| Record control number |
604580-7 |
| Source |
DE-600 |
| 016 7# - NATIONAL BIBLIOGRAPHIC AGENCY CONTROL NUMBER |
| Record control number |
8100174 |
| Source |
DNLM |
| 016 7# - NATIONAL BIBLIOGRAPHIC AGENCY CONTROL NUMBER |
| Record control number |
C27455600 |
| Source |
DNLM |
| 016 7# - NATIONAL BIBLIOGRAPHIC AGENCY CONTROL NUMBER |
| Record control number |
007062923 |
| Source |
Uk |
| 016 7# - NATIONAL BIBLIOGRAPHIC AGENCY CONTROL NUMBER |
| Record control number |
007530762 |
| Source |
Uk |
| 022 0# - INTERNATIONAL STANDARD SERIAL NUMBER |
| International Standard Serial Number |
0272-2712 |
| Source |
1 |
| 030 ## - CODEN DESIGNATION |
| CODEN |
CLMED6 |
| 032 ## - POSTAL REGISTRATION NUMBER |
| Postal registration number |
000713 |
| Source (agency assigning number) |
USPS |
| 035 ## - SYSTEM CONTROL NUMBER |
| System control number |
(OCoLC)ocm06829971 |
| 037 ## - SOURCE OF ACQUISITION |
| Source of stock number/acquisition |
W.B. Saunders Co., West Washington Square, Philadelphia, Pa. 19105 |
| 040 ## - CATALOGING SOURCE |
| Original cataloging agency |
NSD |
| Language of cataloging |
eng |
| Transcribing agency |
NSD |
| Modifying agency |
VET |
| -- |
MUL |
| -- |
NLM |
| -- |
DLC |
| -- |
NST |
| -- |
RCS |
| -- |
NST |
| -- |
DLC |
| -- |
NST |
| -- |
AIP |
| -- |
DLC |
| -- |
AIP |
| -- |
NST |
| -- |
NSD |
| -- |
NST |
| -- |
NSD |
| -- |
DLC |
| -- |
HUL |
| -- |
SYS |
| -- |
OCLCQ |
| -- |
NSD |
| -- |
LVB |
| -- |
OCLCQ |
| -- |
GBVCP |
| -- |
UKMGB |
| -- |
OCLCQ |
| -- |
OCLCF |
| -- |
OCLCO |
| -- |
OCLCQ |
| -- |
OCLCO |
| -- |
OCLCQ |
| -- |
OCLCO |
| -- |
CASUM |
| -- |
OCLCO |
| -- |
OCLCA |
| 041 ## - LANGUAGE CODE |
| Language code of text/sound track or separate title |
eng |
| 042 ## - AUTHENTICATION CODE |
| Authentication code |
nsdp |
| -- |
pcc |
| 060 00 - NATIONAL LIBRARY OF MEDICINE CALL NUMBER |
| Classification number |
W1 |
| Item number |
CL831CC |
| 080 ## - UNIVERSAL DECIMAL CLASSIFICATION NUMBER |
| Universal Decimal Classification number |
616.07/5 ala |
| 082 04 - DEWEY DECIMAL CLASSIFICATION NUMBER |
| Classification number |
616.07/5 ala |
| Edition number |
19 |
| 100 ## - Rafti |
| Rafti |
3 |
| 101 ## - Shkurtesa |
| Shkurtesa |
shm |
| 210 0# - ABBREVIATED TITLE |
| Abbreviated title |
Clin. lab. med. |
| 222 #0 - KEY TITLE |
| Key title |
Clinics in laboratory medicine |
| 245 00 - TITLE STATEMENT |
| Title |
Clinics in laboratory medicine. |
| 246 18 - VARYING FORM OF TITLE |
| Title proper/short title |
Laboratory medicine |
| 310 ## - CURRENT PUBLICATION FREQUENCY |
| Current publication frequency |
Quarterly |
| 362 0# - DATES OF PUBLICATION AND/OR SEQUENTIAL DESIGNATION |
| Dates of publication and/or sequential designation |
Vol. 1, no. 1 (Mar. 1981)- |
| 530 ## - ADDITIONAL PHYSICAL FORM AVAILABLE NOTE |
| Additional physical form available note |
Also issued online. |
| 590 ## - LOCAL NOTE (RLIN) |
| Local note |
SERBIB/SERLOC merged record |
| 776 1# - ADDITIONAL PHYSICAL FORM ENTRY |
| Title |
Clinics in laboratory medicine (Online) |
| International Standard Serial Number |
1557-9832 |
| Record control number |
(DLC) 2005213159 |
| -- |
(OCoLC)57397060 |
| 906 ## - LOCAL DATA ELEMENT F, LDF (RLIN) |
| a |
7 |
| b |
cbc |
| c |
serials |
| d |
3 |
| e |
ncip |
| f |
19 |
| g |
n-oclcserc |
| 942 ## - ADDED ENTRY ELEMENTS (KOHA) |
| Source of classification or shelving scheme |
|
| Item type |
Books |